L'eroe negato : omosessualità e letteratura nel Novecento italiano /

সংরক্ষণ করুন:
গ্রন্থ-পঞ্জীর বিবরন
প্রধান লেখক: Gnerre, Francesco
বিন্যাস: গ্রন্থ
ভাষা:ইতালিয়
প্রকাশিত: Roma : Rogas Edizioni, 2018
মালা:Atena
ট্যাগগুলো: ট্যাগ যুক্ত করুন
কোনো ট্যাগ নেই, প্রথমজন হিসাবে ট্যাগ করুন!

MARC

LEADER 00000nam a22000007i 4500
001 IT\ICCU\RMB\0801683
003 ItRI
005 20260115232210.0
008 180927s2018 it |||||| ||||| |||||c
020 |a 9788899700201 
040 |b ita  |c importazione bologna sebina 
041 7 |a ita  |2 ISO-639-2 
100 1 |a Gnerre, Francesco  |0 IT\ICCU\CFIV\048428 
240 1 3 |a L' eroe negato  |3 IT\ICCU\UBO\4373937  |9 Gnerre, Francesco 
245 1 2 |a L'eroe negato :  |b omosessualità e letteratura nel Novecento italiano /  |c Francesco Gnerre. 
260 |a Roma :  |b Rogas Edizioni,  |c 2018 
300 |a 477 p. ;  |c 21 cm. 
830 0 |a Atena  |0 IT\ICCU\RAV\2060589 
942 |2 ddc  |c BK  |n 0 
952 |0 0  |1 0  |4 0  |6 DOC_850_930000000000000_GNE  |7 0  |9 21809  |a BO  |b BO  |d 2026-01-15  |i 18954  |l 0  |o DOC 850.93 GNE  |p BO18954  |r 2026-01-15 23:22:10  |w 2026-01-15  |x [Sebina 5] [1 v.]  |y BK  |z 1 v. 
999 |c 18636  |d 18636